| 000 | 00731cam a2200265 a 4500 | ||
|---|---|---|---|
| 001 | 13056982 | ||
| 005 | 20180314102909.0 | ||
| 008 | 030113s2003 mauam 001 0 eng d | ||
| 010 | _a 2003555561 | ||
| 020 | _a0072823283 (set) | ||
| 020 | _a0072287683 (book) | ||
| 020 | _a0072443898 (piano chart) | ||
| 035 | _a(OCoLC)ocm51390103 | ||
| 040 |
_aISU _cISU _dDLC |
||
| 041 | _aeng | ||
| 042 | _alccopycat | ||
| 080 | _a781 gar | ||
| 082 | 0 | 0 |
_a781 gar _221 |
| 100 | 1 | _a45 | |
| 101 | _amuz | ||
| 245 | 1 | 0 |
_aMusic first! / _cGary White. |
| 906 |
_a7 _bcbc _ccopycat _d2 _encip _f20 _gy-genmusic |
||
| 942 |
_2ddc _cBK |
||
| 999 |
_c45058 _d45058 |
||